000 00458nam a2200169Ia 4500
005 20250319135530.0
008 231217s9999 xx 000 0 und d
020 _a9788173669057
082 _a001.6424PHP WIL;2 R1
100 _aWilliams, Hugh ELane, David
245 0 _aWeb database applications with PHP and MYSQL
250 _a2nd ed.
260 _c2004
_bShroff
_aMumbai
300 _axviii, 796+18
650 _adatabase,PHP,MYSQL
942 _cAA
999 _c184800
_d184800